000 03427nam a2200349Ia 4500
999 _c54995
_d54995
001 22066
003 GE_BSU
005 20221011162354.0
008 181216s ||||ge |||||||||||||| ||geo||
020 _a9789941458699
040 _cGE_BSU
041 _aGEO
080 _a821.111–193.3+821.161.1.03=353.1 ე-77
245 _aერთი შედევრის ყველა ქართული თარგმანი : [კრებული] :
_bუილიამ შექსპირი, უოლტ უიტმენი, რადიარდ კიპლინგი, მარინა ცვეტაევა, ბორის პასტერნაკი /
_cსაგამომცემლო პროექტის ავტორი ზვიად კვარაცხელია ; რედაქტორი ირმა ჩინჩალაძე ; გარეკანის დიზაინერი თეონა ჭანიშვილი.
264 _aთბილისი :
_bინტელექტი,
_c2015.
300 _a228 გვ. ;
_c18 სმ.
490 _aერთი შედევრის თარგმანები
520 _aერთი შედევრის თარგმანები.
541 _h4ლ.70თ.
653 _aერთი შედევრის ყველა ქართული თარგმანი
653 _a [კრებული]
653 _aმხატვრული ლიტერატურა
653 _aსამოცდამეექვსე სონეტი : ერთი შედევრის თერთმეტი ქართული თარგმანი / უილიამ შექსპირი. ო, კაპიტანო, ჩემო კაპიტანო!
653 _a ერთი შედევრის თორმეტი ქართული თარგმანი / უოლტ უიტმენი. თუ : ერთი შედევრის თხუთმეტი ქართული თარგმანი / რადიარდ კიპლინგი. მე მომწონს ის, რომ თქვენ არა ხართ სნეული ჩემით
700 _aშექსპირი, უილიამ
_eავტორი
_95542
700 _aუიტმენი, უოლტ
_eავტორი
_915247
700 _aკიპლინგი, რადიარდ
_eავტორი
_915248
700 _aცვეტაევა, მარინა
_eავტორი
_915249
700 _aპასტერნაკი, ბორის
_eავტორი
_915250
700 _aჩინჩალაძე, ირმა
_eრედაქტორი
_915251
942 _cBK
_2udc